000 01088nam a22003017a 4500
003 CHAP
005 20220329134850.0
008 971013s1985 r 10010 d
010 _a27153
011 _a28125
035 _a32227
040 _cCHAP
082 _a632
_bC6r 1985
111 0 0 _aCongreso Nacional de Fitopatología (
_n12
_d: 1985
_c: Guanajuato, Gto.)
_926973
245 _aResúmenes de ponencias
260 _aMéxico, D.F. :
_bSociedad Mexicana de Fitopatología,
_c1985
300 _a57 p.
590 _aBATCH-UPD
_b10
_c20130110
_lUCH01
_h1908
590 _aBATCH-UPD
_b10
_c20130410
_lUCH01
_h1236
590 _aBATCH-UPD
_b10
_c20130914
_lUCH01
_h1032
590 _aCONVERSION
_b10
_c20130109
_lUCH01
_h1316
650 1 4 _aFitopatología
_xCongresos.
_941165
710 0 _aAmerican Phytopathological Society. Caribbean Division. Annual Meeting (25 : 1985 : Guanajuato, Gto.)
_95269
901 _aBK
942 _cLIBRO
949 _a632 C6r 1985
_bBC
_cLIBRO
_d-74713
_eLIBRO
_h66420
_i32227
_si
949 _a632 C6r 1985
_bBC
_cLIBRO
_d33724000174280
_eLIBRO
_fc.2
_h69951
_i32227
_si
999 _c27153
_d27153